Statistics for Guess the FNAF Character by the Quote #2

Click here to take the quiz!

General Stats

  • This quiz has been taken 62 times
  • The average score is 8 of 12

Answer Stats

HintAnswer% Correct
"Uh oh, how unfortunate."Dee Dee
100%
"Way to go, superstar!"Glamrock Freddy
79%
"Now I get to play take-apart and
put back together!"
Mangle
77%
"Please deposit five coins."Rockstar Freddy
74%
"The others are under my protection now."Marionette
72%
"The shadow fears me."Nightmare
72%
"Bad children must be punished!"Moon
69%
"It's time to take your final bow!"Funtime Foxy
64%
"Come closer, help me count my teeth!"Nightmare Balloon Boy
64%
"The fire within me burns eternal, and you shall as well."Jack-O-Chica
54%
"Stranger danger!"Nedd Bear
51%
"You blinked."Withered Bonnie
31%

Score Distribution

Percentile by Number Answered

Percent of People with Each Score

Your Score History

You have not taken this quiz